000
00335 a2200109 4500
001
ART_18407
005
20260410161701.0
008
260409a
245
1
0
_a
Las facturas apócrifas como medio de la evasión agravada
100
1
_a
Haddad, Jorge Enrique
773
0
_t
Revista Impuestos
_g
- Nº 2 (feb. 2013)
_w
REV639
999
_c
15218
_d
15218